Skúmanie adsorpcie imunoglobulínu a jeho agregátov na multimodálnych chromatografických adsorbentoch

Gespeichert in:
Bibliographische Detailangaben
1. Verfasser: Chomjaková, Daniela (Verfasst von)
Weitere Verfasser: Kurák, Tomáš (Betreuung Doktorarbeit)
Format: Manuskript Buch
Sprache:Slowakisch
Veröffentlicht: 2021
Schlagworte:
Online-Zugang:http://is.stuba.sk/zp/portal_zp.pl?podrobnosti=157576
Tags: Tag hinzufügen
Keine Tags, Fügen Sie das erste Tag hinzu!

MARC

LEADER 00000ntm a22000003a 4500
001 stuzp85104
003 SK-STU
005 20210605211224.4
007 ta
008 150427s2015----xo-----f-mn---000-0-slo-d
040 |a STU  |b slo 
041 0 |a slo 
100 1 |a Chomjaková, Daniela  |u 046230  |4 aut  |U FCHPT Ústav chemického a environmentálneho inžinierstva  |T FCHPT Oddelenie chemického a biochemického inžinierstva  |X 86839  |U C6230  |Y 119  |7 86839 
242 0 1 |a Evaluating antibody monomer and associated aggregates adsorptions using mutimodall chromatography  |y eng 
245 1 0 |a Skúmanie adsorpcie imunoglobulínu a jeho agregátov na multimodálnych chromatografických adsorbentoch 
260 |c 2021 
650 4 |a IgG  |2 slo 
650 4 |a chromatografické častice  |2 slo 
650 4 |a multimodálna chromatografia  |2 slo 
650 4 |a chromatografické membrány  |2 slo 
650 4 |a multimodal chromatography  |2 eng 
650 4 |a IgG  |2 eng 
650 4 |a chromatographic resin  |2 eng 
650 4 |a chromatographic membranes  |2 eng 
700 1 |a Kurák, Tomáš  |u 046230  |k Z1  |4 ths  |U FCHPT Ústav chemického a environmentálneho inžinierstva  |T FCHPT Oddelenie chemického a biochemického inžinierstva  |X 58146  |U C6230  |Y 119  |7 A0000058146 
856 4 |u http://is.stuba.sk/zp/portal_zp.pl?podrobnosti=157576